00398nam a2200181Ia 4500003000400000005001700004008004100021020001800062040000700080041000800087082001300095100001900108245003200127260001700159300000900176650001200185700001900197OSt20260219102825.0250729s1977 xx 000 0 und d a9780905743042 cAL aeng a900 DUNK aDunipace Robin aThe kingdom of saudi arabia aLondonc1977 a256p aHistory aRao Digumurthi